[Event "Itzehoe op 3rd"]
[Site "Itzehoe"]
[Date "2024.05.10"]
[Round "4"]
[White "Hebbinghaus, Holger"]
[Black "Mandelkow, Elias"]
[Result "1/2-1/2"]
[WhiteElo "2183"]
[BlackElo "1870"]
[PlyCount "51"]
[EventDate "2024.05.09"]
[EventType "swiss"]
[EventRounds "7"]
[EventCountry "GER"]
[SourceTitle "CB21_2024"]
[SourceDate "2024.05.22"]
[SourceVersion "1"]
[SourceVersionDate "2024.05.22"]
[SourceQuality "1"]

1. e4 c6 2. d4 d5 3. exd5 cxd5 4. Bd3 Nc6 5. c3 Qc7 6. h3 g6 7. Nf3 Bf5 8. 0-0 Nf6 9. Re1 Bxd3 10. Qxd3 Bg7 11. Be3 0-0 12. Nbd2 Rac8 13. Nb3 Na5 14. Nxa5 Qxa5 15. Bf4 e6 16. Qe3 Nd7 17. Bh6 Qc7 18. Bxg7 Kxg7 19. Qe2 Nb6 20. Ne5 Nc4 21. Nd3 b6 22. Rad1 Kg8 23. Qf3 Kg7 24. Re2 a5 25. h4 Qd8 26. g3 1/2-1/2

[Event "Itzehoe op 3rd"]
[Site "Itzehoe"]
[Date "2024.05.09"]
[Round "2"]
[White "Hebbinghaus, Holger"]
[Black "Heimbrodt, Birk"]
[Result "1-0"]
[WhiteElo "2183"]
[BlackElo "1845"]
[PlyCount "21"]
[EventDate "2024.05.09"]
[EventType "swiss"]
[EventRounds "7"]
[EventCountry "GER"]
[SourceTitle "CB21_2024"]
[SourceDate "2024.05.22"]
[SourceVersion "1"]
[SourceVersionDate "2024.05.22"]
[SourceQuality "1"]

1. e4 d5 2. exd5 Qxd5 3. Nc3 Qa5 4. d4 Nf6 5. Nf3 Bf5 6. Ne5 Nbd7 7. Nc4 Qa6 8. Bf4 Qe6+ 9. Ne3 a6 10. d5 Qb6 11. Nxf5 1-0

[Event "Itzehoe op 3rd"]
[Site "Itzehoe"]
[Date "2024.05.09"]
[Round "1"]
[White "Junge, Julia Marie"]
[Black "Hebbinghaus, Holger"]
[Result "0-1"]
[WhiteElo "1658"]
[BlackElo "2183"]
[PlyCount "58"]
[EventDate "2024.05.09"]
[EventType "swiss"]
[EventRounds "7"]
[EventCountry "GER"]
[SourceTitle "CB21_2024"]
[SourceDate "2024.05.22"]
[SourceVersion "1"]
[SourceVersionDate "2024.05.22"]
[SourceQuality "1"]

1. e4 c6 2. d4 d5 3. exd5 cxd5 4. Bd3 Nc6 5. c3 Nf6 6. Nf3 Bg4 7. h3 Bh5 8. Bf4 e6 9. Nbd2 Bd6 10. Bxd6 Qxd6 11. 0-0 0-0 12. Re1 Rab8 13. Qc2 Rfc8 14. a3 b5 15. Qb1 Bg6 16. Ne5 Bxd3 17. Qxd3 Qc7 18. Nxc6 Qxc6 19. Nf3 a5 20. Ne5 Qc7 21. Reb1 Ne4 22. f3 Nd6 23. a4 b4 24. cxb4 Rxb4 25. g4 f6 26. Qe3 fxe5 27. Rc1 Rc4 28. Rxc4 Nxc4 29. Qe2 Qb6 0-1

[Event "Kiel op 35th"]
[Site "Kiel"]
[Date "2023.08.02"]
[Round "7"]
[White "Dawidzinski, Jan"]
[Black "Hebbinghaus, Holger"]
[Result "0-1"]
[WhiteElo "1627"]
[BlackElo "2223"]
[PlyCount "58"]
[EventDate "2023.07.29"]
[EventType "swiss"]
[EventRounds "9"]
[EventCountry "GER"]
[SourceTitle "CBM 215 Extra"]
[Source "ChessBase"]
[SourceDate "2023.09.30"]
[SourceVersion "1"]
[SourceVersionDate "2023.09.30"]
[SourceQuality "1"]

1. d4 d5 2. c4 e6 3. Nc3 Nf6 4. Bg5 Be7 5. Nf3 h6 6. Bh4 0-0 7. e3 b6 8. cxd5 Nxd5 9. Bxe7 Qxe7 10. Nxd5 exd5 11. Bd3 Be6 12. 0-0 c5 13. dxc5 bxc5 14. b3 Nd7 15. Rc1 a5 16. Qc2 a4 17. Bb5 axb3 18. axb3 Qf6 19. Bd3 Rfb8 20. Nd2 Ra3 21. Rb1 Ne5 22. Be2 Ra5 23. Ra1 Rxa1 24. Rxa1 Nf3+ 25. Bxf3 Qxa1+ 26. Nf1 c4 27. bxc4 dxc4 28. g3 c3 29. Kg2 Bb3 0-1

[Event "Kiel op 34th"]
[Site "Kiel"]
[Date "2022.08.02"]
[Round "6"]
[White "Gressmann, Hanna"]
[Black "Hebbinghaus, Holger"]
[Result "1/2-1/2"]
[WhiteElo "1856"]
[BlackElo "2272"]
[PlyCount "31"]
[EventDate "2022.07.30"]
[EventType "swiss"]
[EventRounds "9"]
[EventCountry "GER"]
[SourceTitle "CBM 209 Extra"]
[Source "ChessBase"]
[SourceDate "2022.09.30"]
[SourceVersion "1"]
[SourceVersionDate "2022.09.30"]
[SourceQuality "1"]

1. e4 e6 2. d4 d5 3. exd5 exd5 4. Nf3 Nf6 5. Bd3 c5 6. c3 Bd6 7. 0-0 0-0 8. Bg5 Nc6 9. dxc5 Bxc5 10. Nbd2 Qd6 11. Qc2 Bg4 12. Bf5 Bxf5 13. Qxf5 Qe6 14. Qd3 Ne4 15. Nb3 Bb6 16. Be3 1/2-1/2

[Event "Hamburg-chT Landesliga 2122"]
[Site "Hamburg"]
[Date "2022.05.15"]
[Round "4.1"]
[White "Hebbinghaus, Holger"]
[Black "Kahlert, Thomas"]
[Result "1/2-1/2"]
[WhiteElo "2281"]
[BlackElo "2148"]
[PlyCount "73"]
[EventDate "2021.10.31"]
[EventType "team-tourn"]
[EventRounds "9"]
[EventCountry "GER"]
[SourceTitle "EXT 2023"]
[Source "ChessBase"]
[SourceDate "2022.10.05"]
[SourceVersion "1"]
[SourceVersionDate "2022.10.05"]
[SourceQuality "1"]
[WhiteTeam "Marmstorf"]
[BlackTeam "St Pauli III"]
[WhiteTeamCountry "GER"]
[BlackTeamCountry "GER"]

1. d4 Nf6 2. Nf3 g6 3. g3 Bg7 4. Bg2 0-0 5. 0-0 d5 6. c4 dxc4 7. Na3 Nc6 8. Nxc4 Be6 9. b3 a5 10. Bb2 Bd5 11. Ne3 Be4 12. a3 e6 13. Nc4 Qe7 14. Ncd2 Rfd8 15. Nxe4 Nxe4 16. Qc2 Nf6 17. Rac1 Ne8 18. Rfd1 Rd7 19. e3 Rad8 20. Ne1 Rd6 21. Nd3 Rb8 22. b4 axb4 23. axb4 Na7 24. Qc5 Nc8 25. Ra1 c6 26. b5 cxb5 27. Qxb5 Rb6 28. Qa4 Ra6 29. Qc2 Rxa1 30. Rxa1 Ncd6 31. Qb3 Qd8 32. Nc5 b6 33. Nd3 Rc8 34. Ra7 Nc4 35. Bc3 Rc7 36. Ra8 Rc8 37. Ra7 1/2-1/2

[Event "Hamburg-chT Landesliga 2122"]
[Site "Hamburg"]
[Date "2022.04.03"]
[Round "8.1"]
[White "Fehling, Michael"]
[Black "Hebbinghaus, Holger"]
[Result "1/2-1/2"]
[WhiteElo "2185"]
[BlackElo "2281"]
[PlyCount "63"]
[EventDate "2021.10.31"]
[EventType "team-tourn"]
[EventRounds "9"]
[EventCountry "GER"]
[SourceTitle "EXT 2023"]
[Source "ChessBase"]
[SourceDate "2022.10.05"]
[SourceVersion "1"]
[SourceVersionDate "2022.10.05"]
[SourceQuality "1"]
[WhiteTeam "Hamburger SK V"]
[BlackTeam "Marmstorf"]
[WhiteTeamCountry "GER"]
[BlackTeamCountry "GER"]

1. e4 e6 2. d3 d5 3. Nd2 c5 4. Ngf3 Nc6 5. g3 Bd6 6. Bg2 Nge7 7. 0-0 0-0 8. Re1 Qc7 9. c3 b6 10. Qe2 f6 11. a3 a5 12. a4 Kh8 13. Nb1 dxe4 14. dxe4 Ba6 15. Qc2 Rad8 16. Na3 Ng6 17. Nb5 Qe7 18. Nd2 Bb8 19. f4 c4 20. Nxc4 Qc5+ 21. Ne3 Bxb5 22. axb5 Qxb5 23. Nd1 Nce7 24. Be3 Bd6 25. Qa4 Qxa4 26. Rxa4 Rb8 27. Bh3 f5 28. Bf2 e5 29. exf5 Nxf5 30. Bxf5 Rxf5 31. Ne3 Rff8 32. Nd5 1/2-1/2

[Event "Hamburg-chT Landesliga 2122"]
[Site "Hamburg"]
[Date "2021.11.21"]
[Round "2.1"]
[White "Hebbinghaus, Holger"]
[Black "Trisic, Aleksandar"]
[Result "1/2-1/2"]
[WhiteElo "2281"]
[BlackElo "2332"]
[PlyCount "40"]
[EventDate "2021.10.31"]
[EventType "team-tourn"]
[EventRounds "9"]
[EventCountry "GER"]
[SourceTitle "EXT 2023"]
[Source "ChessBase"]
[SourceDate "2022.10.05"]
[SourceVersion "1"]
[SourceVersionDate "2022.10.05"]
[SourceQuality "1"]
[WhiteTeam "Marmstorf"]
[BlackTeam "St Pauli II"]
[WhiteTeamCountry "GER"]
[BlackTeamCountry "GER"]

1. d4 Nf6 2. Nf3 e6 3. g3 d5 4. Bg2 c5 5. 0-0 Nc6 6. c4 cxd4 7. Nxd4 Qb6 8. Nxc6 bxc6 9. Nc3 Be7 10. cxd5 Nxd5 11. Qc2 Ba6 12. Bd2 0-0 13. Rac1 Rac8 14. a3 Rfd8 15. b4 Nxc3 16. Bxc3 c5 17. Qb2 cxb4 18. axb4 Rc4 19. Bxg7 Qxb4 20. Bf3 Qxb2 1/2-1/2

[Event "GER-ch blitz"]
[Site "Magdeburg"]
[Date "2019.05.25"]
[Round "22"]
[White "Hebbinghaus, Holger"]
[Black "Schulz, Karsten"]
[Result "1/2-1/2"]
[WhiteElo "2310"]
[BlackElo "2227"]
[PlyCount "136"]
[EventDate "2019.05.25"]
[EventType "tourn (blitz)"]
[EventRounds "29"]
[EventCountry "GER"]
[SourceTitle "CBM 190 Extra"]
[Source "ChessBase"]
[SourceDate "2019.07.15"]
[SourceVersion "1"]
[SourceVersionDate "2019.07.15"]
[SourceQuality "1"]

1. e4 g6 2. d4 Bg7 3. Nc3 d6 4. Be3 a6 5. f4 b5 6. Be2 Bb7 7. Bf3 Nd7 8. e5 Qc8 9. Qe2 Nh6 10. Nh3 0-0 11. 0-0 e6 12. Bf2 Nb6 13. Ne4 Nd5 14. exd6 Bc6 15. c3 Qd7 16. dxc7 Qxc7 17. Bg3 Nf5 18. Nc5 Rfe8 19. Nd3 Nde3 20. Rfe1 Bxf3 21. gxf3 Rac8 22. Bf2 Nd5 23. Ne5 Bh6 24. Bg3 Qb7 25. Qe4 Nd6 26. Qe2 Nf5 27. Qe4 a5 28. Nf2 Bg7 29. Nfd3 Bf8 30. Ng4 h5 31. Nf6+ Kg7 32. Nxe8+ Rxe8 33. Bf2 Bd6 34. Ne5 Qc7 35. Rac1 Nf6 36. Qe2 Rb8 37. c4 b4 38. d5 Bc5 39. dxe6 fxe6 40. Bxc5 Qxc5+ 41. Qf2 Qc7 42. Red1 Rb7 43. c5 Nd5 44. c6 Rb8 45. Rxd5 exd5 46. Qc5 Rd8 47. Rd1 d4 48. Nd7 Rxd7 49. cxd7 Qxc5 50. d8Q d3+ 51. Kh1 Nd4 52. Qd7+ Kh6 53. Qe8 Kh7 54. Qe4 Ne2 55. Qxd3 Nxf4 56. Qd7+ Kh6 57. Qd4 Qf5 58. Qd2 h4 59. Re1 h3 60. Re4 g5 61. Qd6+ Kh5 62. Qd8 Qc5 63. Qh8+ Kg6 64. Qg8+ Kh6 65. Qh8+ Kg6 66. Qe8+ Kh6 67. Qh8+ Kg6 68. Qg8+ Kh6 1/2-1/2

[Event "GER-ch blitz"]
[Site "Magdeburg"]
[Date "2019.05.25"]
[Round "17"]
[White "Hebbinghaus, Holger"]
[Black "Wichmann, Cliff"]
[Result "1-0"]
[WhiteElo "2310"]
[BlackElo "2280"]
[PlyCount "55"]
[EventDate "2019.05.25"]
[EventType "tourn (blitz)"]
[EventRounds "29"]
[EventCountry "GER"]
[SourceTitle "CBM 190 Extra"]
[Source "ChessBase"]
[SourceDate "2019.07.15"]
[SourceVersion "1"]
[SourceVersionDate "2019.07.15"]
[SourceQuality "1"]

1. e4 e6 2. d4 d5 3. exd5 exd5 4. Nf3 Bd6 5. c4 Nf6 6. Nc3 0-0 7. cxd5 Re8+ 8. Be2 h6 9. 0-0 Nbd7 10. Bc4 Nb6 11. Bb3 Bg4 12. h3 Bh5 13. g4 Bg6 14. Re1 Ne4 15. Be3 Qf6 16. Ne5 Bxe5 17. dxe5 Rxe5 18. Bd4 Rae8 19. Nxe4 Qf4 20. Bxe5 Rxe5 21. Ng3 Nd7 22. Qc1 Qf6 23. Rxe5 Nxe5 24. Qe3 Nf3+ 25. Kh1 Nd4 26. Re1 c5 27. Bd1 Kh7 28. Kg1 1-0

[Event "GER-ch blitz"]
[Site "Magdeburg"]
[Date "2019.05.25"]
[Round "24"]
[White "Hebbinghaus, Holger"]
[Black "Zuyev, Igor"]
[Result "1/2-1/2"]
[WhiteElo "2310"]
[BlackElo "2447"]
[PlyCount "80"]
[EventDate "2019.05.25"]
[EventType "tourn (blitz)"]
[EventRounds "29"]
[EventCountry "GER"]
[SourceTitle "CBM 190 Extra"]
[Source "ChessBase"]
[SourceDate "2019.07.15"]
[SourceVersion "1"]
[SourceVersionDate "2019.07.15"]
[SourceQuality "1"]

1. e4 c5 2. Be2 Nc6 3. f4 e5 4. d3 d5 5. exd5 Qxd5 6. Nf3 exf4 7. Bxf4 Nf6 8. 0-0 Be7 9. Nc3 Qd8 10. Kh1 0-0 11. Qd2 Re8 12. Rae1 a6 13. Ne5 Nd4 14. Bd1 Bd6 15. Nc4 Rxe1 16. Rxe1 Bxf4 17. Qxf4 Be6 18. Nd2 Nd5 19. Nxd5 Bxd5 20. a3 Ne6 21. Qg3 Qf6 22. c3 Rd8 23. Bb3 Bxb3 24. Nxb3 Qf5 25. Nc1 b5 26. Kg1 Qd5 27. Qe5 Qc6 28. Rd1 a5 29. Re1 h6 30. Qe4 Qc7 31. Qe5 Qe7 32. Qe4 Qc7 33. Qe5 Rd6 34. Qe4 a4 35. Ne2 Qd8 36. Nc1 Qd7 37. Qe3 Kh7 38. Qe4+ g6 39. Qe5 Rd5 40. Qe4 Qd6 1/2-1/2

[Event "GER-ch blitz"]
[Site "Magdeburg"]
[Date "2019.05.25"]
[Round "23"]
[White "Hirneise, Jens"]
[Black "Hebbinghaus, Holger"]
[Result "1/2-1/2"]
[WhiteElo "2375"]
[BlackElo "2310"]
[PlyCount "164"]
[EventDate "2019.05.25"]
[EventType "tourn (blitz)"]
[EventRounds "29"]
[EventCountry "GER"]
[SourceTitle "CBM 190 Extra"]
[Source "ChessBase"]
[SourceDate "2019.07.15"]
[SourceVersion "1"]
[SourceVersionDate "2019.07.15"]
[SourceQuality "1"]

1. e4 Nf6 2. e5 Nd5 3. d4 d6 4. c4 Nb6 5. exd6 cxd6 6. Nc3 g6 7. Be3 Bg7 8. Rc1 0-0 9. h3 d5 10. c5 Nc4 11. Bxc4 dxc4 12. Nf3 Bf5 13. 0-0 Bd3 14. Re1 Nc6 15. b3 Nxd4 16. bxc4 Nxf3+ 17. Qxf3 Bxc4 18. Qxb7 Qa5 19. Nd5 Bxd5 20. Qxd5 e6 21. Qc4 Rfc8 22. c6 Rc7 23. a4 Rac8 24. Qb5 Bc3 25. Red1 Rxc6 26. Qxa5 Bxa5 27. Rxc6 Rxc6 28. Bxa7 Kg7 29. Rd7 e5 30. Rd5 Bc3 31. a5 Ra6 32. Bb6 Kf6 33. Kf1 Ke6 34. Rb5 Kd6 35. Ke2 Kc6 36. Rb3 Bxa5 37. Bxa5 Rxa5 38. h4 Ra2+ 39. Kf3 f5 40. Kg3 Rd2 41. Rb8 Rd7 42. Ra8 Kd6 43. Ra5 Ke6 44. Ra6+ Kf7 45. Ra5 Ke6 46. Ra6+ Rd6 47. Ra7 h5 48. Rg7 Kf6 49. Ra7 Rd3+ 50. Kh2 e4 51. g3 Rd2 52. Kg1 Rd1+ 53. Kg2 Rb1 54. Ra6+ Kg7 55. Ra7+ Kh6 56. Ra6 Rb2 57. Kg1 Rc2 58. Rb6 Rc3 59. Kg2 e3 60. fxe3 Rxe3 61. Ra6 Re4 62. Rb6 Rg4 63. Kh3 Kg7 64. Ra6 Kf7 65. Rb6 Re4 66. Kg2 Re6 67. Rb5 Kf6 68. Kf3 Ra6 69. Kf4 Ra4+ 70. Kf3 Rg4 71. Rb6+ Ke5 72. Rb5+ Kf6 73. Rb6+ Kg7 74. Rb7+ Kh6 75. Rb6 Kg7 76. Rb7+ Kf6 77. Rb6+ Kf7 78. Rb7+ Ke6 79. Rb6+ Ke5 80. Rb5+ Kd4 81. Rb6 Kc5 82. Ra6 Kb5 1/2-1/2

[Event "GER-ch blitz"]
[Site "Magdeburg"]
[Date "2019.05.25"]
[Round "21"]
[White "Schneider, Ilja"]
[Black "Hebbinghaus, Holger"]
[Result "0-1"]
[WhiteElo "2494"]
[BlackElo "2310"]
[PlyCount "146"]
[EventDate "2019.05.25"]
[EventType "tourn (blitz)"]
[EventRounds "29"]
[EventCountry "GER"]
[SourceTitle "CBM 190 Extra"]
[Source "ChessBase"]
[SourceDate "2019.07.15"]
[SourceVersion "1"]
[SourceVersionDate "2019.07.15"]
[SourceQuality "1"]

1. d4 d5 2. c4 e6 3. Nf3 a6 4. e3 Nf6 5. a3 b6 6. Bd3 Bb7 7. 0-0 Nbd7 8. Nc3 Be7 9. Qe2 0-0 10. e4 dxe4 11. Nxe4 c5 12. Rd1 Qc7 13. Bg5 Rfe8 14. Rac1 Rad8 15. h3 h6 16. Bh4 Nxe4 17. Bxe7 Rxe7 18. Bxe4 Bxe4 19. Qxe4 Nf6 20. Qe5 cxd4 21. Qxc7 Rxc7 22. Rxd4 Rxd4 23. Nxd4 Kf8 24. Kf1 Rd7 25. Nf3 Ne4 26. Ke2 f6 27. Ke3 Nd6 28. c5 Rc7 29. Nd4 Kf7 30. Nb3 Nf5+ 31. Ke4 bxc5 32. Nxc5 Nd6+ 33. Ke3 a5 34. b4 axb4 35. axb4 Nb7 36. Kd4 Ke7 37. Ra1 Nd6 38. Ra6 e5+ 39. Kd5 Nb5 40. Re6+ Kf7 41. Rb6 Nc3+ 42. Kd6 Rc8 43. Rb7+ Kg6 44. f3 h5 45. b5 Rd8+ 46. Nd7 e4 47. fxe4 Nxe4+ 48. Kc7 Re8 49. b6 Kf5 50. Rb8 Re6 51. Rg8 Nd6 52. Rxg7 Ne8+ 53. Kd8 Nxg7 54. b7 Re8+ 55. Kc7 Ne6+ 56. Kd6 Nf4 57. Nb6 Rb8 58. Kc7 Rxb7+ 59. Kxb7 Nxg2 60. Kc6 Nf4 61. h4 Ng6 62. Kd5 Nxh4 63. Nc4 Nf3 64. Ne3+ Kf4 65. Ng2+ Kg3 66. Ne3 h4 67. Nf5+ Kg4 68. Ne3+ Kf4 69. Ng2+ Kg3 70. Ne3 h3 71. Ke6 Ne5 72. Nf1+ Kf2 73. Nh2 Kg2 0-1

[Event "GER-ch blitz"]
[Site "Magdeburg"]
[Date "2019.05.25"]
[Round "18"]
[White "Voege, Tobias"]
[Black "Hebbinghaus, Holger"]
[Result "1-0"]
[WhiteElo "2294"]
[BlackElo "2310"]
[PlyCount "75"]
[EventDate "2019.05.25"]
[EventType "tourn (blitz)"]
[EventRounds "29"]
[EventCountry "GER"]
[SourceTitle "CBM 190 Extra"]
[Source "ChessBase"]
[SourceDate "2019.07.15"]
[SourceVersion "1"]
[SourceVersionDate "2019.07.15"]
[SourceQuality "1"]

1. c4 e5 2. Nc3 d6 3. g3 f5 4. Bg2 Nf6 5. e3 Be7 6. Nge2 0-0 7. 0-0 c6 8. d4 e4 9. d5 Na6 10. b3 c5 11. Nf4 Nc7 12. f3 exf3 13. Bxf3 Rb8 14. Bb2 b5 15. cxb5 Nxb5 16. Nxb5 Rxb5 17. Ne6 Bxe6 18. dxe6 Rb6 19. Rc1 Qc8 20. Bxf6 Rxf6 21. Bd5 Kh8 22. Qe2 Rb8 23. Rc4 Qc7 24. Rh4 g6 25. Rhf4 Rff8 26. e4 Bf6 27. exf5 g5 28. Re4 Qe7 29. Kg2 Bd4 30. g4 Rf6 31. h4 gxh4 32. g5 Qg7 33. Rg4 Rff8 34. f6 Qg6 35. e7 h3+ 36. Kxh3 Qh5+ 37. Kg2 Rfe8 38. Rh1 1-0

[Event "Oberliga Nord N 1819"]
[Site "Germany"]
[Date "2019.01.20"]
[Round "5.1"]
[White "Gaede, Derek"]
[Black "Hebbinghaus, Holger"]
[Result "0-1"]
[WhiteElo "2296"]
[BlackElo "2280"]
[PlyCount "88"]
[EventDate "2018.10.21"]
[EventType "team-tourn"]
[EventRounds "9"]
[EventCountry "GER"]
[SourceTitle "EXT 2020"]
[Source "ChessBase"]
[SourceDate "2019.10.17"]
[SourceVersion "1"]
[SourceVersionDate "2019.10.17"]
[SourceQuality "1"]
[WhiteTeam "Hamburger SK III"]
[BlackTeam "Marmstorf"]
[WhiteTeamCountry "GER"]
[BlackTeamCountry "GER"]

1. d4 Nf6 2. Nf3 d5 3. c4 e6 4. g3 dxc4 5. Bg2 a6 6. 0-0 Nc6 7. Nc3 Rb8 8. a4 Be7 9. e3 0-0 10. Nd2 Na5 11. Qe2 c5 12. dxc5 Bxc5 13. Nxc4 Nb3 14. Rb1 Qe7 15. Rd1 e5 16. Qc2 Nxc1 17. Rbxc1 Ba7 18. h3 Be6 19. Nxe5 Bxh3 20. Nc6 bxc6 21. Bxh3 Qe5 22. Rd2 Bxe3 23. fxe3 Qxg3+ 24. Bg2 Qxe3+ 25. Kf1 Rb4 26. Re1 Ng4 27. Be4 f5 28. Rxe3 Nxe3+ 29. Ke1 Nxc2+ 30. Bxc2 Rxb2 31. Nd1 Rbb8 32. Rd6 Rfe8+ 33. Kf2 Rbc8 34. Ne3 g6 35. Bd3 Red8 36. Rxd8+ Rxd8 37. Bxa6 Ra8 38. Bc4+ Kg7 39. Bb3 Kf6 40. Nc4 g5 41. Nb6 Ra7 42. Ke3 h5 43. Kd4 g4 44. Kc5 g3 0-1

[Event "Oberliga Nord N 1718"]
[Site "Germany"]
[Date "2018.03.18"]
[Round "8.1"]
[White "Kreuzholz, Michael"]
[Black "Hebbinghaus, Holger"]
[Result "1/2-1/2"]
[WhiteElo "2330"]
[BlackElo "2248"]
[PlyCount "35"]
[EventDate "2017.10.08"]
[EventType "team-tourn"]
[EventRounds "9"]
[EventCountry "GER"]
[SourceTitle "EXT 2019"]
[Source "ChessBase"]
[SourceDate "2018.10.10"]
[SourceVersion "1"]
[SourceVersionDate "2018.10.10"]
[SourceQuality "1"]
[WhiteTeam "Luebeck"]
[BlackTeam "Marmstorf"]
[WhiteTeamCountry "GER"]
[BlackTeamCountry "GER"]

1. e4 e5 2. Nf3 Nc6 3. Bc4 Bc5 4. c3 Nf6 5. d4 exd4 6. cxd4 Bb4+ 7. Nc3 Nxe4 8. 0-0 Bxc3 9. d5 Bf6 10. Re1 Ne7 11. Rxe4 d6 12. Bg5 Bxg5 13. Nxg5 h6 14. Qd2 hxg5 15. Rae1 Be6 16. dxe6 f6 17. R4e3 c6 18. Rh3 1/2-1/2

[Event "Oberliga Nord N 1718"]
[Site "Germany"]
[Date "2018.02.25"]
[Round "7.1"]
[White "Bokelbrink, Uwe"]
[Black "Hebbinghaus, Holger"]
[Result "1-0"]
[WhiteElo "2300"]
[BlackElo "2248"]
[PlyCount "75"]
[EventDate "2017.10.08"]
[EventType "team-tourn"]
[EventRounds "9"]
[EventCountry "GER"]
[SourceTitle "EXT 2019"]
[Source "ChessBase"]
[SourceDate "2018.10.10"]
[SourceVersion "1"]
[SourceVersionDate "2018.10.10"]
[SourceQuality "1"]
[WhiteTeam "Hamburg SF"]
[BlackTeam "Marmstorf"]
[WhiteTeamCountry "GER"]
[BlackTeamCountry "GER"]

1. e4 Nf6 2. e5 Nd5 3. d4 d6 4. Nf3 dxe5 5. Nxe5 c6 6. c4 Nb4 7. Na3 Bf5 8. Be2 e6 9. 0-0 Nd7 10. Nf3 Be7 11. Be3 0-0 12. Qb3 a5 13. Rfc1 Qb8 14. Nb1 c5 15. a3 Nc6 16. d5 Nce5 17. Nxe5 Qxe5 18. Nc3 Nf6 19. Re1 exd5 20. cxd5 a4 21. Qc4 b5 22. Bf4 bxc4 23. Bxe5 Bd3 24. Bf3 Ra6 25. Bf4 Bd6 26. Bxd6 Rxd6 27. Re7 g5 28. g4 Ra8 29. Rae1 Kf8 30. Rb7 Rd7 31. Rb6 Kg7 32. Rb5 h5 33. h3 hxg4 34. hxg4 Rh8 35. Re5 Rh4 36. Rb6 Nh7 37. Nxa4 f6 38. Re3 1-0

[Event "Oberliga Nord N 1718"]
[Site "Germany"]
[Date "2018.01.21"]
[Round "5.1"]
[White "Pfreundt, Jakob"]
[Black "Hebbinghaus, Holger"]
[Result "1/2-1/2"]
[WhiteElo "2385"]
[BlackElo "2248"]
[PlyCount "73"]
[EventDate "2017.10.08"]
[EventType "team-tourn"]
[EventRounds "9"]
[EventCountry "GER"]
[SourceTitle "EXT 2019"]
[Source "ChessBase"]
[SourceDate "2018.10.10"]
[SourceVersion "1"]
[SourceVersionDate "2018.10.10"]
[SourceQuality "1"]
[WhiteTeam "Hamburg Koenigsspringer"]
[BlackTeam "Marmstorf"]
[WhiteTeamCountry "GER"]
[BlackTeamCountry "GER"]

1. Nf3 Nf6 2. c4 g6 3. Nc3 d5 4. cxd5 Nxd5 5. h4 Nxc3 6. bxc3 h6 7. Ba3 Bg7 8. e3 Nd7 9. Bc4 Nb6 10. Be2 Bg4 11. Rc1 0-0 12. d4 Qd5 13. Qb3 Qxb3 14. axb3 Rfe8 15. Nd2 Bxe2 16. Kxe2 e5 17. Nf3 exd4 18. cxd4 c6 19. Kd3 Nd5 20. g3 f5 21. Nd2 Rad8 22. Nb1 Kf7 23. Nc3 Nxc3 24. Rxc3 Rd5 25. Rc5 Red8 26. h5 g5 27. Ke2 Bf8 28. Rxd5 Rxd5 29. Bxf8 Kxf8 30. Ra1 a6 31. Kd3 g4 32. b4 Ke7 33. Kc4 Ke6 34. Ra2 Kd7 35. Ra1 Ke6 36. Ra2 Kd7 37. Ra1 1/2-1/2